Topografía
Salvato in:
| Autore principale: | |
|---|---|
| Natura: | Libro |
| Lingua: | Spanish |
| Pubblicazione: |
México : Limusa
1997
|
| Tags: |
Aggiungi Tag
Nessun Tag, puoi essere il primo ad aggiungerne!!
|
MARC
| LEADER | 00000nam a2200000Ia 4500 | ||
|---|---|---|---|
| 003 | 002642 | ||
| 005 | 20221231144013.0 | ||
| 008 | 140114s1997 mx a 000 ||spa d | ||
| 040 | |c cru CEDI | ||
| 082 | |a 526.9 B197t | ||
| 100 | |a Ballesteros Tena, Nabor |9 19845 | ||
| 245 | |a Topografía | ||
| 260 | |a México : Limusa |c 1997 | ||
| 300 | |a 474 páginas ; ilustraciones | ||
| 942 | |2 ddc |c BK | ||
| 999 | |c 15470 |d 15470 | ||
